Az SAP MM és SD modulja Felhasználói jegyzet

Bibliográfiai részletek
Szerző: Juhász Dr. Tímea
További közreműködők: nem részletezett
Dokumentumtípus: Diplomadolgozat
Kulcsszavak:SAP
SAP MM modul
SAP SD modul
Online Access:http://dolgozattar.uni-bge.hu/59427

MARC

LEADER 00000nta a2200000 i 4500
001 dolg59427
005 20260313091326.0
008 260313suuuu hu om 000 hun d
040 |a BGE Dolgozattár Repozitórium  |b hun 
041 |a hu 
100 1 |a Juhász Dr. Tímea 
245 1 3 |a Az SAP MM és SD modulja   |b Felhasználói jegyzet  |c Juhász Dr. Tímea  |h [elektronikus dokumentum] 
695 |a SAP 
695 |a SAP MM modul 
695 |a SAP SD modul 
700 1 |a nem részletezett  |e ths 
856 4 0 |u http://dolgozattar.uni-bge.hu/59427/1/Juh%C3%A1sz%20T%C3%ADmea_Az%20SAP%20MM%20%C3%A9s%20SD%20modulja%20%282%29.pdf  |z Dokumentum-elérés